| 000 | 02307nam a2200337 a 4500 | ||
|---|---|---|---|
| 005 | 2009121202572.0 | ||
| 008 | 060711r20081994mnua j 000 1 eng | ||
| 010 | _aB-385168-176 | ||
| 020 |
_a9780007255702 _c150.00 |
||
| 035 | _aB-385168-176 | ||
| 037 | _bBlueberry Books | ||
| 040 |
_adpl _bEnglish |
||
| 082 | _aN | ||
| 100 | _aShan, Darren | ||
| 245 |
_aAllies of the night / _cby Darren Shan _b |
||
| 260 |
_bHarperCollins Publishers _c2007 _aNew York |
||
| 270 |
_a10 East 53rd Street _bNew York _e1022 |
||
| 300 |
_a186p. _c20cm(pbk) |
||
| 490 | _athe saga of Darren Shan; book 8 | ||
| 942 |
_2ddc _cCH _mSHA _hN |
||
| 999 |
_c32660 _d32660 |
||